5HLuxD.jpg

KING HENRY VIII SENIOR AND PRIMARY SCHOOL LIBRARY OPAC

THE CULTURE OF THE QIN & HAN DYNASTIES OF CHINA (Record no. 5073)

000 -LEADER
fixed length control field 00342nam a22001217a 4500
008 - FIXED-LENGTH DATA ELEMENTS--GENERAL INFORMATION
fixed length control field 250516b ||||| |||| 00| 0 eng d
020 ## - INTERNATIONAL STANDARD BOOK NUMBER
International Standard Book Number 9781508150084
082 ## - DEWEY DECIMAL CLASSIFICATION NUMBER
Classification number 931 KOV
100 ## - MAIN ENTRY--PERSONAL NAME
Personal name KOVACS,VIC
Relator term AUTHOR
245 ## - TITLE STATEMENT
Title THE CULTURE OF THE QIN & HAN DYNASTIES OF CHINA
260 ## - PUBLICATION, DISTRIBUTION, ETC.
Place of publication, distribution, etc. NEW YORK
Name of publisher, distributor, etc. THE ROSEN PUBLISHING GROUP,INC
Date of publication, distribution, etc. 2017
942 ## - ADDED ENTRY ELEMENTS (KOHA)
Source of classification or shelving scheme
Holdings
Withdrawn status Lost status Source of classification or shelving scheme Damaged status Not for loan Collection code Permanent Location Current Location Shelving location Date acquired Full call number Barcode Date last seen Price effective from Koha item type Public note
          Non-Fiction KH8 Primary School Library KH8 Primary School Library Non Fiction 2025-05-16 931 KOV 3KHPL000002402 2025-12-05 2025-05-16 Books - Non Ficton KH8 PRIMARY LIBRARY

Powered By KH8 IT Dept